Statistics for Top 20 Countries with Longest Road Tunnels

Click here to take the quiz!

General Stats

  • This quiz has been taken 150 times
  • The average score is 12 of 20

Answer Stats

kmCountrymiles% Correct
5.60United States3.48
100%
18.04China11.20
95%
12.90France8.01
95%
7.92Germany4.92
93%
18.20Japan11.30
93%
8.61Spain5.35
91%
12.90Italy8.01
90%
16.92Switzerland10.51
86%
24.51Norway15.22
75%
6.70Australia4.16
67%
13.97Austria8.68
65%
12.94Taiwan8.04
62%
7.86Slovenia4.88
55%
6.60Netherlands4.10
40%
5.78Croatia3.59
37%
9.12Iceland5.66
31%
8.50Singapore5.28
26%
6.28Vietnam3.90
24%
5.65Albania3.51
11%
6.30Faroe Islands3.91
5%

Score Distribution

Percentile by Number Answered

Percent of People with Each Score

Your Score History

You have not taken this quiz